| 000 | 02554cas a2200517 a 4500 | ||
|---|---|---|---|
| 001 | data | ||
| 005 | 20260322212116.0 | ||
| 008 | data | ||
| 010 | _a 74642567 | ||
| 016 | 7 |
_a550001530 _2DE-101 |
|
| 019 |
_a1243758455 _a1045082335 _a1102296926 _a1114940253 _a1221048589 _a1243758455 |
||
| 022 |
_a0302-8054 _2z |
||
| 023 | 0 |
_a0302-8054 _2z |
|
| 029 | 1 |
_aAU@ _b000000976898 |
|
| 029 | 1 |
_aHEBIS _b072569743 |
|
| 029 | 1 |
_aHEBIS _b185596339 |
|
| 029 | 1 |
_aNZ1 _b4932736 |
|
| 029 | 1 |
_aZWZ _b039370283 |
|
| 030 | _aAAWDAJ | ||
| 035 | _a(OCoLC)1792807 | ||
| 040 |
_aDLC _beng _cDLC _dOCLCQ _dNST _dOCLCQ _dWAU _dOCLCQ _dHEBIS _dOCLCO _dOCLCQ _dOCLCF _dOCLCA _dCAI _dOCLCQ _dHUELT _dOCLCQ _dHUL _dOCLCO _dOCLCL _dOCLCQ |
||
| 042 | _apcc | ||
| 050 | 0 | 0 |
_aQ49 _b.A39a |
| 210 | 0 | _aAbh. Akad. Wiss. DDR | |
| 222 | 0 | _aAbhandlungen der Akademie der Wissenschaften der DDR | |
| 245 | 0 | 0 | _aAbhandlungen der Akademie der Wissenschaften der DDR. |
| 260 |
_aBerlin : _bAkademie-Verlag |
||
| 300 |
_avolumes : _billustrations ; _c31 cm |
||
| 336 |
_atext _btxt _2rdacontent |
||
| 337 |
_aunmediated _bn _2rdamedia |
||
| 338 |
_avolume _bnc _2rdacarrier |
||
| 580 | _aSplit into: Abhandlungen der Akademie der Wissenschaften der DDR, Abteilung Gesellschaftswissenschaften; Abhandlungen der Akademie der Wissenschaften der DDR, Abteilung Mathematik, Naturwissenschaften, Technik; and: Abhandlungen der Akademie der Wissenschaften der DDR, Abteilung Veröffentlichungen der Wissenschaftlichen Räte. | ||
| 588 | _aDescription based on: Jahrg. 1973. | ||
| 650 | 0 | _aScience. | |
| 650 | 1 | 2 | _aScience. |
| 650 | 7 |
_aScience. _2fast _0(OCoLC)fst01108176 |
|
| 710 | 2 |
_aAkademie der Wissenschaften der DDR. _1https://id.oclc.org/worldcat/entity/E39QH7JmrdKwQ8YBYxY6vwkDY6 |
|
| 776 | 0 | 8 |
_iOnline version: _tAbhandlungen der Akademie der Wissenschaften der DDR _w(OCoLC)903915459 |
| 780 | 0 | 0 |
_tAbhandlungen der Deutschen Akademie der Wissenschaften zu Berlin _x0373-0581 _w(OCoLC)1478665 _w(OCoLC)1478665 |
| 785 | 1 | 6 |
_tAbhandlungen der Akademie der Wissenschaften der DDR, Abteilung Gesellschaftswissenschaften _x0138-4163 |
| 785 | 1 | 6 |
_tAbhandlungen der Akademie der Wissenschaften der DDR, Abteilung Mathematik, Naturwissenschaften, Technik _x0138-1059 _w(OCoLC)3837965 _w(OCoLC)3837965 |
| 785 | 1 | 6 |
_tAbhandlungen der Akademie der Wissenschaften der DDR, Abteilung Veröffentlichungen der Wissenschaftlichen Räte _x0138-421X _w(OCoLC)5312813 _w(OCoLC)5312813 |
| 906 |
_a7 _bcbc _cserials _d3 _encip _f19 _gn-oclcserc |
||
| 991 |
_bc-GenColl _hQ49 _i.A39a _wSERIALS |
||
| 999 |
_c1765 _d1765 |
||